| 000 | 00464nam a2200157Ia 4500 | ||
|---|---|---|---|
| 008 | 170221s9999 xx 000 0 und d | ||
| 100 | _aYu-Hung Chien | ||
| 245 | _aOrgan Donation Posters: Developing Persuasive Messages Yu-Hung Chien | ||
| 245 | _cYu-Hung Chien | ||
| 260 | _bOnline Journal of Communication and Media Technologies | ||
| 260 | _c2014 | ||
| 300 | _a4 : 4 | ||
| 650 | _xCommunication | ||
| 650 | _xMedia Arts | ||
| 856 | _uhttp://www.ojcmt.net/ | ||
| 999 |
_c307182 _d307182 |
||